01696pam a2200385 a 450000100090000000300090000900500170001800800410003502000180007604000430009404100160013708200200015324502760017326400610044930000370051033600260054733700280057333800270060150000210062850000240064950000260067365000670069965000620076665000400082865100100086865300230087865500240090170000530092570000570097870000570103570000440109294200120113699900170114895201450116513596540EG-ScBUE20220320110254.0040518s2004 inub f d 001 0 eng d a9780872207219 aDLCbengerdacDLCdYDXdDLCdEG-ScBUE1 aenghgrclat04a880.08222bANT00aAnthology of classical myth :bprimary sources in translation /cedited and and featuring new translations by Stephen M. Trzaskoma, R. Scott Smith, and Stephen Brunet ; with additional translations by other scholars ; an appendix on Linear B sources by Thomas G. Palaima. 1aIndianapolis :bHackett Publishing Company, Inc.,c2004. alvii, 517 pages :bmaps ;c23 cm 2rdacontentatextbtxt 2rdamediaaunmediatedbn 2rdacarrieravolumebnc aIncludes index.  aIncludes glossary.  aIncludes Appendices.  7aClassical literaturevTranslations into English.9306972BUEsh 7aMythology, ClassicalvLiterary collections.9306982BUEsh 7aMythology, Classical.9306992BUEsh 2BUEsh cJuly2012bHHUUEENN vReading book9342321 aTrzaskoma, Stephen,eeditor,etranslator.9307001 aSmith, R. Scott,d1971-eeditor,etranslator.9307011 aBrunet, Stephen,d1954-eeditor,etranslator.9307021 aPalaima, Thomas G.,etranslator.930703 2ddccBB c16899d16899 00102ddc40708BaccahaMAINbMAINc2NDd2012-07-16epurchaseg141.00h15359l0o880.08 ANTp000027012r2025-07-15 00:00:00w2012-07-16yBB